Project Management con Microsoft Visio y Microsoft Project: herramientas informáticas para la empresa
Saved in:
| Main Authors: | , , |
|---|---|
| Format: | Bog |
| Sprog: | spansk |
| Udgivet: |
Buenos Aires
Omicron System
2004
|
| Udgivelse: | 1a. ed |
| Fag: | |
| Tags: |
Tilføj Tag
Ingen Tags, Vær først til at tagge denne postø!
|
MARC
| LEADER | 00000nam a2200000 a 4500 | ||
|---|---|---|---|
| 001 | UCK4672 | ||
| 003 | CL-VaPUC | ||
| 008 | 050617e20040000AG |||||||||||||||||spa|d | ||
| 020 | |a 9871046413 | ||
| 082 | 0 | 4 | |a 658.403 |b GAR |2 21 |
| 100 | |a García Fronti, Verónica |e author |9 519757 | ||
| 700 | 0 | |a Salvarredy, Julián R |e author |9 493263 | |
| 700 | |a García Fronti, Javier I |e author |9 490968 | ||
| 245 | 1 | 0 | |a Project Management con Microsoft Visio y Microsoft Project: herramientas informáticas para la empresa |
| 250 | |a 1a. ed | ||
| 300 | |a 341 p | ||
| 942 | |c BK | ||
| 945 | |d 20050617 00:00:00 |a cmena | ||
| 260 | |a Buenos Aires |b Omicron System |c 2004 | ||
| 500 | |a Incluye Cd-Rom | ||
| 650 | 0 | |a Gestión de la información |9 362327 | |
| 650 | 0 | |a Gestión de proyectos |9 260970 | |
| 650 | 0 | |a Evaluación de proyectos |9 259341 | |
| 650 | 0 | |a Planificación estratégica |9 259735 | |
| 650 | 7 | |a SIMULACION |2 CL-VaPUC |9 338579 | |
| 650 | 0 | |a Software |9 387312 | |
| 583 | |a last modification |c 20050617 00:00:00 |k Rodrigo Vera | ||
| 999 | |c 313490 |d 313488 | ||
| 952 | |0 0 |1 0 |4 0 |6 658_403000000000000_GAR_2004 |7 0 |8 A |9 384874 |a BIBING |b BIBING |d 2019-11-22 |i 4140133 |l 1 |o 658.403 GAR 2004 |p 4140133 |r 2025-03-28 |s 2025-03-21 |w 2019-11-22 |y BK |k EII | ||